FIFA World Cup 2026 - Croatia Squad - Statistics

General Stats
  • This quiz has been taken 15 times
  • The average score is 20 of 27
Answer Stats
Team # Position Club/Country Player % Correct
Croatia 14 LW PSV Eindhoven Ivan Perišić
100%
Croatia 4 CB Manchester City Josko Gvardiol
100%
Croatia 10 CM AC Milan Luka Modrić
100%
Croatia 8 CM Manchester City Mateo Kovacic
100%
Croatia 9 AM TSG 1899 Hoffenheim Andrej Kramaric
92%
Croatia 1 GK GNK Dinamo Zagreb Dominik Livakovic
92%
Croatia 2 RB Bayern Munich Josip Stanisic
92%
Croatia 24 RW Orlando City SC Marco Pašalić
85%
Croatia 15 CM Atalanta BC Mario Pašalić
85%
Croatia 11 ST CA Osasuna Ante Budimir
77%
Croatia 5 CB Real Sociedad Duje Caleta-Car
77%
Croatia 20 ST SC Freiburg Igor Matanovic
77%
Croatia 6 CB Ajax Amsterdam Josip Sutalo
77%
Croatia 21 CM Real Sociedad Luka Sucic
77%
Croatia 16 AM Como 1907 Martin Baturina
77%
Croatia 17 CM Inter Milan Petar Sučić
77%
Croatia 22 CB Hamburger SV Luka Vuskovic
69%
Croatia 3 CB ACF Fiorentina Marin Pongracic
69%
Croatia 7 DM Bologna FC 1909 Nikola Moro
69%
Croatia 13 AM Torino FC Nikola Vlašić
62%
Croatia Manager Croatia Zlatko Dalic
62%
Croatia 23 GK FC Copenhagen Dominik Kotarski
46%
Croatia 18 DM FC Augsburg Kristijan Jakic
46%
Croatia 25 CB FC Midtjylland Martin Erlić
46%
Croatia 26 ST FC Dallas Petar Musa
46%
Croatia 12 GK Hull City Ivor Pandur
38%
Croatia 19 AM HNK Rijeka Toni Fruk
38%
No matching quizzes found
Score Distribution
Percent of People with Each Score
Percentile by Number Answered
Your Score History
You have not taken this quiz